Синтез, структура и свойства некоторых производных 9, 10-антрахинона, содержащих связь азот-азот: автореферат диссертации на соискание ученой степени кандидата химических наук; Спец. 02.00.03

Podrobná bibliografie
Hlavní autor: Булгакова Н. А. Надежда Анатольевна
Další autoři: Горностаев Л. М. (научный руководитель)
Shrnutí:Защита сост. 11.12.2002
Jazyk:ruština
Vydáno: Томск, [Б. и.], 2002
Témata:
Médium: MixedMaterials Kniha
KOHA link:https://koha.lib.tpu.ru/cgi-bin/koha/opac-detail.pl?biblionumber=46514

MARC

LEADER 00000nam0a2200000 4500
001 46514
005 20231101211026.0
035 |a (RuTPU)RU\TPU\book\48560 
090 |a 46514 
100 |a 20030122d2002 k y0rusy50 ca 
101 0 |a rus 
102 |a RU 
105 |a a dm 001zy 
200 1 |a Синтез, структура и свойства некоторых производных 9, 10-антрахинона, содержащих связь азот-азот  |e автореферат диссертации на соискание ученой степени кандидата химических наук  |e Спец. 02.00.03  |f Н. А. Булгакова  |g науч. рук. Л. М. Горностаев 
210 |a Томск  |c [Б. и.]  |d 2002 
215 |a 21 с.  |c ил. 
300 |a Защита сост. 11.12.2002 
320 |a Библиогр.: с. 21(9 назв.) 
452 1 |0 (RuTPU)RU\TPU\book\50691  |t Синтез, структура и свойства некоторых производных 9, 10-антрахинона, содержащих связь азот-азот  |o Автореферат диссертации на соискание ученой степени кандидата технических наук:  |f Н. А. Булгакова  |g Науч. рук.: Л. М. Горностаев  |c Томск  |n Б.и.  |d 2002  |a Булгакова, Надежда Анатольевна 
606 1 |a Антрахинон и его производные  |x Химия  |2 stltpush  |3 (RuTPU)RU\TPU\subj\76667  |9 87599 
610 1 |a органическая химия 
610 1 |a ароматические триазены 
610 1 |a синтез 
610 1 |a структура 
610 1 |a таутометрия 
610 1 |a авторефераты диссертаций 
675 |a 547.6(04)  |v 3 
686 |a 02.00.03  |2 oksvnk 
700 1 |a Булгакова  |b Н. А.  |g Надежда Анатольевна 
702 1 |a Горностаев  |b Л. М.  |4 727 
801 1 |a RU  |b 63413507  |c 20030122  |g PSBO 
801 2 |a RU  |b 63413507  |c 20170921  |g PSBO 
942 |c BK